000 00467nam a2200181Ia 4500
001 22456
005 20260414150832.0
008 260414t2013||||xx |||||||||||||| ||spa||
041 _aESP
082 _a621.38132
_bV66
100 _aVillaseñor Gómez, Jorge Raúl
_eAUT
245 0 _aCircuitos eléctricos y aplicaciones digitales
_b
260 _c2013
300 _axiii, 697 páginas :
_c27 cm.
650 _aTCA
654 _aCET
942 _cLIB
_dJUS
_fJUS
_2ddc
_n
999 _c22456
_d22456